| 000 | 00921nam0a22002411 4500 | ||
|---|---|---|---|
| 001 | rc\1106204 | ||
| 005 | 20250622150614.0 | ||
| 035 | _a(NLR Aleph) 006350965 | ||
| 090 |
_a4801059 _c4801059 |
||
| 100 | _a20041126d1982 |||y0rusy50 ca | ||
| 101 | 0 | _arus | |
| 102 | _aRU | ||
| 105 | _aa ||||||||| | ||
| 200 | 1 |
_aИспользование дискриминации по времени нарастания импульса для улучшения параметров Ge (Li)-спектрометров _fА.А. Богдзель, А. Дука-Зойоми, Я. Климан, В. Пресперин |
|
| 210 |
_aДубна _cОИЯИ _d1982 |
||
| 215 |
_a6 с. _cил. _d21 |
||
| 225 | 1 |
_aПрепринт _fОбъед. ин-т ядер. исслед. _vР13-82-737 |
|
| 701 | 1 |
_aБогдзель _bА.А. |
|
| 801 | 0 |
_aRU _bNLR _gpsbo |
|
| 801 | 1 |
_aRU _bELAR _2rusmarc |
|
| 852 |
_aNLR _j83-6/2986 |
||
| 942 | _cBOOK | ||
| 980 | _aNB | ||